000
00273nam a22001217a 4500
008
180125b xxu||||| |||| 00| 0 eng d
041
_a
eng
080
_a
591
100
_a
7
101
_a
zoo
245
_a
compendium of animal repoduction
_c
neils.p.c
942
_2
udc
_c
BK
999
_c
40960
_d
40960